Historical tales from Shakespeare (Record no. 342631)

MARC details
000 -LEADER
fixed length control field 004010000a22001690004500
005 - DATE AND TIME OF LATEST TRANSACTION
control field 20120302053340.0
040 ## - CATALOGING SOURCE
Original cataloging agency ENG
100 ## - MAIN ENTRY--PERSONAL NAME
Personal name Quiller-Couch, A.T.
245 ## - TITLE STATEMENT
Title Historical tales from Shakespeare
260 ## - PUBLICATION, DISTRIBUTION, ETC. (IMPRINT)
Place of publication, distribution, etc London:
Name of publisher, distributor, etc Edward Arnold,
Date of publication, distribution, etc 1919
300 ## - PHYSICAL DESCRIPTION
Extent vi,292p
365 ## - TRADE PRICE
Price amount Rs.
650 ## - SUBJECT ADDED ENTRY--TOPICAL TERM
Topical term or geographic name as entry element Drama
650 ## - SUBJECT ADDED ENTRY--TOPICAL TERM
Topical term or geographic name as entry element Art
650 ## - SUBJECT ADDED ENTRY--TOPICAL TERM
Topical term or geographic name as entry element Art-Dram-Historical Tales-Shakespeare
942 ## - ADDED ENTRY ELEMENTS (KOHA)
Koha item type Book
Holdings
Withdrawn status Lost status Damaged status Not for loan Home library Current library Date acquired Total Checkouts Barcode Date last seen Price effective from
        Institute For Oriental Study, Thane Institute For Oriental Study, Thane 12/02/2009   IOS-3301 12/02/2009 12/02/2009